[Event "Arco op 45th"]
[Site "Arco"]
[Date "2023.10.13"]
[Round "7"]
[White "Fuggetta, Leonardo"]
[Black "Fuochi, Tommaso"]
[Result "0-1"]
[WhiteElo "1870"]
[BlackElo "2007"]
[PlyCount "74"]
[EventDate "2023.10.07"]
[EventType "swiss"]
[EventRounds "9"]
[EventCountry "ITA"]
[SourceTitle "Mega2024 Update 01"]
[Source "Chessbase"]
[SourceDate "2023.11.12"]
[SourceVersion "1"]
[SourceVersionDate "2023.11.12"]
[SourceQuality "1"]

1. c4 e6 2. g3 f5 3. Bg2 Nf6 4. Nf3 Be7 5. 0-0 0-0 6. Nc3 d6 7. d3 a5 8. b3 Nc6 9. Bb2 Qe8 10. e3 e5 11. Nd5 Bd8 12. Nd2 Nb4 13. Nxf6+ Bxf6 14. Qe2 c6 15. a3 Na6 16. Rfe1 Bd7 17. d4 e4 18. Nb1 Nc7 19. Nc3 Be6 20. Rac1 Bf7 21. Qd2 Ne6 22. Ne2 Ng5 23. Kh1 Bh5 24. Ng1 Bg4 25. b4 a4 26. d5 Qh5 27. dxc6 bxc6 28. Bd4 Kh8 29. b5 c5 30. Bc3 Bxc3 31. Rxc3 Rf6 32. Rcc1 Rh6 33. h4 Bf3 34. Bxf3 exf3 35. Qd5 Rf8 36. b6 Qg4 37. Nxf3 Nxf3 0-1

[Event "Arco op 34th"]
[Site "Arco"]
[Date "2012.10.20"]
[Round "8"]
[White "Joerges, Frank"]
[Black "Fuggetta, Leonardo"]
[Result "1/2-1/2"]
[WhiteElo "1915"]
[BlackElo "2017"]
[PlyCount "73"]
[EventDate "2012.10.13"]
[EventType "swiss"]
[EventRounds "9"]
[EventCountry "ITA"]
[SourceTitle "EXT 2013"]
[Source "ChessBase"]
[SourceDate "2012.11.22"]
[SourceVersion "1"]
[SourceVersionDate "2012.11.22"]
[SourceQuality "1"]

1. d4 d6 2. Nf3 Bg4 3. e3 Nd7 4. c4 c6 5. Nc3 e5 6. Be2 Ngf6 7. 0-0 Be7 8. b3 0-0 9. Bb2 Qc7 10. Nh4 Bxe2 11. Qxe2 g6 12. g3 Ne8 13. Ng2 Ng7 14. d5 Nh5 15. e4 f5 16. f3 Qb6+ 17. Kh1 Nc5 18. f4 fxe4 19. Nxe4 Nxe4 20. Qxe4 Nf6 21. Qe2 cxd5 22. fxe5 Ne4 23. Nf4 Ng5 24. Nxd5 Qd8 25. Rxf8+ Qxf8 26. Rf1 Qd8 27. h4 Nf7 28. Nf6+ Bxf6 29. Rxf6 Nxe5 30. Bxe5 dxe5 31. Qxe5 Qd7 32. Rd6 Qh3+ 33. Kg1 Rf8 34. Qe6+ Qxe6 35. Rxe6 Kf7 36. Re2 Rd8 37. Kf2 1/2-1/2

[Event "Arco op 34th"]
[Site "Arco"]
[Date "2012.10.16"]
[Round "4"]
[White "Skagseth, Havard M"]
[Black "Fuggetta, Leonardo"]
[Result "1/2-1/2"]
[WhiteElo "1835"]
[BlackElo "2017"]
[PlyCount "42"]
[EventDate "2012.10.13"]
[EventType "swiss"]
[EventRounds "9"]
[EventCountry "ITA"]
[SourceTitle "EXT 2013"]
[Source "ChessBase"]
[SourceDate "2012.11.22"]
[SourceVersion "1"]
[SourceVersionDate "2012.11.22"]
[SourceQuality "1"]

1. d4 d6 2. e4 Nf6 3. Nc3 c6 4. Bd3 e5 5. Nf3 Nbd7 6. 0-0 Be7 7. Ne2 0-0 8. c3 Re8 9. Ng3 g6 10. h3 Qc7 11. Bh6 Bf8 12. Qd2 Bg7 13. Rae1 a6 14. h4 Nf8 15. h5 Bxh6 16. Qxh6 Ng4 17. Qg5 h6 18. Qh4 Qe7 19. hxg6 fxg6 20. Qxe7 Rxe7 21. Nd2 Ne6 1/2-1/2

[Event "Arco op 34th"]
[Site "Arco"]
[Date "2012.10.13"]
[Round "1"]
[White "Fuggetta, Leonardo"]
[Black "Oltramari, Silvano"]
[Result "1-0"]
[WhiteElo "2017"]
[BlackElo "1742"]
[PlyCount "49"]
[EventDate "2012.10.13"]
[EventType "swiss"]
[EventRounds "9"]
[EventCountry "ITA"]
[SourceTitle "EXT 2013"]
[Source "ChessBase"]
[SourceDate "2012.11.22"]
[SourceVersion "1"]
[SourceVersionDate "2012.11.22"]
[SourceQuality "1"]

1. d4 d5 2. c4 Nf6 3. Nf3 e6 4. g3 Be7 5. Bg2 0-0 6. 0-0 dxc4 7. Ne5 Nbd7 8. Nxc4 Nb6 9. b3 Nxc4 10. bxc4 c6 11. e4 h6 12. e5 Nh7 13. Nc3 Qc7 14. Ne4 f5 15. exf6 Nxf6 16. Bf4 Qa5 17. c5 Nxe4 18. Bxe4 Bf6 19. Bd6 Rd8 20. Qg4 Rxd6 21. cxd6 Qd8 22. Rad1 Qxd6 23. Qh5 Rb8 24. Qe8+ Qf8 25. Bh7+ 1-0

[Event "Torino Sada op"]
[Site "Torino"]
[Date "2012.09.24"]
[Round "2"]
[White "Fuggetta, Leonardo"]
[Black "Ravazzolo, Gildo"]
[Result "1/2-1/2"]
[WhiteElo "2017"]
[BlackElo "1699"]
[PlyCount "59"]
[EventDate "2012.09.17"]
[EventType "swiss"]
[EventRounds "7"]
[EventCountry "ITA"]
[SourceTitle "EXT 2018"]
[Source "ChessBase"]
[SourceDate "2017.10.13"]
[SourceVersion "1"]
[SourceVersionDate "2017.10.13"]
[SourceQuality "1"]

1. d4 d5 2. c4 c6 3. Nf3 Nf6 4. e3 Bf5 5. Qb3 Qc7 6. Nc3 e6 7. Nh4 Bg6 8. Bd2 Nbd7 9. Be2 Be7 10. 0-0 Ne4 11. Nxe4 dxe4 12. Nxg6 hxg6 13. g3 0-0-0 14. Qa4 b6 15. Rac1 Nc5 16. Qc2 Qd7 17. dxc5 Qxd2 18. cxb6 Qxc2 19. b7+ Kxb7 20. Rxc2 Rd7 21. c5 Rhd8 22. Rfc1 Rd2 23. b4 Bf6 24. Kf1 Bb2 25. Rxd2 Rxd2 26. Rc4 Ba3 27. Rxe4 Rxa2 28. Rf4 f6 29. Rd4 Kc7 30. Bf3 1/2-1/2

[Event "Verona op 12th"]
[Site "Verona"]
[Date "2006.01.08"]
[Round "8"]
[White "Fuggetta, Leonardo"]
[Black "Opacic, Alexandar"]
[Result "0-1"]
[WhiteElo "2068"]
[BlackElo "2122"]
[PlyCount "84"]
[EventDate "2006.01.02"]
[EventType "swiss"]
[EventRounds "9"]
[EventCountry "ITA"]
[SourceTitle "CBM 110 Extra"]
[Source "ChessBase"]
[SourceDate "2006.03.10"]
[SourceVersion "2"]
[SourceVersionDate "2006.03.10"]
[SourceQuality "1"]

1. c4 e6 2. Nf3 b6 3. g3 Bb7 4. Bg2 Nf6 5. 0-0 Be7 6. b3 d6 7. Bb2 Nbd7 8. Nc3 c5 9. d4 cxd4 10. Nxd4 Bxg2 11. Kxg2 Qc7 12. e4 h5 13. Qe2 h4 14. Rae1 Qb7 15. Nd5 exd5 16. exd5 Ne5 17. Nf5 hxg3 18. hxg3 Qd7 19. Bxe5 Qxf5 20. Bxd6 0-0-0 21. Bxe7 Qh3+ 22. Kf3 Rh5 23. Qc2 Rf5+ 24. Ke2 Re5+ 25. Kd1 Rxe7 26. Rxe7 Qxf1+ 27. Re1 Qh3 28. Kc1 Nd7 29. Re7 Qh6+ 30. Kb1 Qf6 31. Qe2 Nc5 32. Rxa7 Kb8 33. Qe7 Nd7 34. Qa3 Qf5+ 35. Kc1 Qg5+ 36. Kb1 Nc5 37. Ra8+ Kc7 38. Qa7+ Nb7 39. d6+ Kc6 40. Qa4+ Kxd6 41. Ra7 Kc7 42. b4 Qd2 0-1

[Event "Piemonte-ch 06"]
[Site "Turin"]
[Date "2005.12.06"]
[Round "5"]
[White "Fortino, Fabrizio"]
[Black "Fuggetta, Leonardo"]
[Result "1/2-1/2"]
[WhiteElo "1995"]
[BlackElo "2068"]
[PlyCount "85"]
[EventDate "2005.12.03"]
[EventType "swiss"]
[EventRounds "7"]
[EventCountry "ITA"]
[SourceTitle "EXT 2008"]
[Source "ChessBase"]
[SourceDate "2007.11.25"]
[SourceVersion "1"]
[SourceVersionDate "2007.11.25"]
[SourceQuality "1"]

1. e4 c5 2. c3 d6 3. d4 Nf6 4. Bd3 e5 5. Ne2 Nc6 6. d5 Ne7 7. f3 h5 8. Be3 g6 9. Qd2 Neg8 10. a4 b6 11. Na3 Bh6 12. Bxh6 Nxh6 13. a5 Kf8 14. 0-0 Kg7 15. f4 Re8 16. axb6 axb6 17. Nc4 Rxa1 18. Rxa1 Nfg4 19. h3 Qh4 20. Qe1 Qf6 21. hxg4 Nxg4 22. fxe5 dxe5 23. Qg3 h4 24. Qf3 Qg5 25. Nd6 Rf8 26. Ra7 Nf6 27. Nxc8 Rxc8 28. Bc4 b5 29. Bxb5 h3 30. Bd7 Rb8 31. Be6 h2+ 32. Kxh2 Rh8+ 33. Kg1 Rf8 34. Qg3 Qd2 35. Rxf7+ Rxf7 36. Bxf7 Kxf7 37. Qf3 Qxb2 38. Kf2 Qb1 39. Ke3 c4 40. Ng3 Qe1+ 41. Ne2 Qb1 42. Ng3 Qe1+ 43. Ne2 1/2-1/2

[Event "Arco op 27th"]
[Site "Arco"]
[Date "2005.10.28"]
[Round "7"]
[White "Zucchelli, Massimo"]
[Black "Fuggetta, Leonardo"]
[Result "1/2-1/2"]
[WhiteElo "2162"]
[BlackElo "2068"]
[PlyCount "97"]
[EventDate "2005.10.22"]
[EventType "swiss"]
[EventRounds "9"]
[EventCountry "ITA"]
[SourceTitle "EXT 2006"]
[Source "ChessBase"]
[SourceDate "2005.11.24"]
[SourceVersion "1"]
[SourceVersionDate "2005.11.24"]
[SourceQuality "1"]

1. d4 d6 2. Nf3 Bg4 3. Nbd2 Nd7 4. h3 Bh5 5. g3 c6 6. Bg2 Ngf6 7. 0-0 e5 8. dxe5 dxe5 9. e4 Bxf3 10. Bxf3 Qc7 11. Qe2 Be7 12. c3 0-0 13. Nc4 b5 14. Ne3 g6 15. Rd1 Nc5 16. Ng4 Nxg4 17. hxg4 Rfd8 18. Be3 Rxd1+ 19. Rxd1 Rd8 20. Qc2 a6 21. Be2 Rxd1+ 22. Bxd1 Qd7 23. Be2 Ne6 24. Qd2 Qxd2 25. Bxd2 g5 26. Bd1 Kf8 27. Kf1 f6 28. Ke2 Ke8 29. f3 Kd7 30. Bb3 Nc5 31. Bg8 h6 32. Bf7 Bd6 33. Be3 Ke7 34. Bg6 Kd7 35. Bf5+ Kc7 36. Kd2 Nb7 37. Ke2 Bc5 38. Bc1 Bd6 39. Be6 Nc5 40. Bf7 Nb7 41. b4 Nd8 42. Bb3 c5 43. bxc5 Bxc5 44. Bd5 Nb7 45. Bd2 Nd6 46. Be1 Nc4 47. Kd3 Nd6 48. c4 Kb6 49. Be6 1/2-1/2

[Event "Arco op 27th"]
[Site "Arco"]
[Date "2005.10.26"]
[Round "5"]
[White "Lymar, Irina"]
[Black "Fuggetta, Leonardo"]
[Result "1-0"]
[WhiteElo "2309"]
[BlackElo "2068"]
[PlyCount "53"]
[EventDate "2005.10.22"]
[EventType "swiss"]
[EventRounds "9"]
[EventCountry "ITA"]
[SourceTitle "EXT 2006"]
[Source "ChessBase"]
[SourceDate "2005.11.24"]
[SourceVersion "1"]
[SourceVersionDate "2005.11.24"]
[SourceQuality "1"]

1. d4 d6 2. c4 e5 3. Nc3 exd4 4. Qxd4 Nc6 5. Qd2 Nf6 6. e4 g6 7. b3 Bg7 8. Bb2 a5 9. Bd3 Nb4 10. Nge2 0-0 11. Nd5 Nfxd5 12. Bxg7 Kxg7 13. cxd5 f5 14. 0-0 Qf6 15. Rac1 Rf7 16. Bb1 fxe4 17. Bxe4 Bf5 18. Ng3 Bxe4 19. Nxe4 Qf5 20. Ng5 Re7 21. Ne6+ Kg8 22. Nxc7 Rc8 23. Ne6 Rce8 24. Nf4 Re5 25. Rc7 Nxd5 26. Nxd5 Rxd5 27. Qh6 1-0

[Event "Bratto op 25th"]
[Site "Bratto"]
[Date "2005.08.20"]
[Round "1"]
[White "Bresciani, Nicola"]
[Black "Fuggetta, Leonardo"]
[Result "1-0"]
[WhiteElo "2289"]
[BlackElo "2048"]
[PlyCount "69"]
[EventDate "2005.08.20"]
[EventType "swiss"]
[EventRounds "9"]
[EventCountry "ITA"]
[SourceTitle "CBM 108 Extra"]
[Source "ChessBase"]
[SourceDate "2005.11.04"]
[SourceVersion "1"]
[SourceVersionDate "2005.11.04"]
[SourceQuality "1"]

1. e4 d6 2. d4 Nf6 3. Nc3 Nbd7 4. Nf3 e5 5. Bc4 Be7 6. 0-0 0-0 7. h3 c6 8. a4 b6 9. Re1 a6 10. b3 Qc7 11. Bb2 Bb7 12. Qe2 b5 13. Bd3 Rfe8 14. dxe5 dxe5 15. Nd1 Bf8 16. c4 bxa4 17. bxa4 Bb4 18. Rf1 Nh5 19. g3 a5 20. Nh4 g6 21. Ne3 Ndf6 22. Ng4 Nxg4 23. hxg4 Ng7 24. Kg2 Rad8 25. Rad1 Bc5 26. Rh1 Bd4 27. Bc1 Bc5 28. Nf3 Bc8 29. Ng5 f6 30. Nxh7 Kf7 31. g5 f5 32. Nf6 Rh8 33. exf5 Nxf5 34. Ng4 Bd4 35. Nh6+ 1-0

[Event "Warsaw AIG Life rapid 3rd-4th"]
[Site "Warsaw"]
[Date "2005.03.10"]
[Round "5"]
[White "Andersen, Reidar"]
[Black "Fuggetta, Leonardo"]
[Result "0-1"]
[WhiteElo "1220"]
[BlackElo "941"]
[PlyCount "52"]
[EventDate "2005.12.17"]
[EventType "match (rapid)"]
[EventRounds "2"]
[EventCountry "POL"]
[SourceTitle "EXT 2007"]
[Source "ChessBase"]
[SourceDate "2006.11.23"]
[SourceVersion "1"]
[SourceVersionDate "2006.11.23"]
[SourceQuality "1"]

1. e4 c5 2. Nf3 d6 3. Nc3 Nf6 4. d3 g6 5. Be2 Bg7 6. 0-0 0-0 7. Bg5 Bg4 8. h3 Bxf3 9. Bxf3 Nc6 10. Ne2 Ne5 11. Nc3 Rb8 12. Be2 b5 13. a3 Nc6 14. Rb1 e5 15. Nd5 Nd4 16. Qd2 Ne6 17. Bh4 c4 18. Qe3 Nxd5 19. Bxd8 Nxe3 20. Be7 Nxf1 21. Bxf8 Bxf8 22. Kxf1 Nd4 23. Bd1 cxd3 24. cxd3 a5 25. Rc1 Ne6 26. Rc7 Nxc7 0-1

[Event "Warsaw AIG Life rapid 3rd-4th"]
[Site "Warsaw"]
[Date "2005.02.03"]
[Round "2"]
[White "Fuggetta, Leonardo"]
[Black "Andersen, Reidar"]
[Result "0-1"]
[WhiteElo "941"]
[BlackElo "1220"]
[PlyCount "134"]
[EventDate "2005.12.17"]
[EventType "match (rapid)"]
[EventRounds "2"]
[EventCountry "POL"]
[SourceTitle "EXT 2007"]
[Source "ChessBase"]
[SourceDate "2006.11.23"]
[SourceVersion "1"]
[SourceVersionDate "2006.11.23"]
[SourceQuality "1"]

1. d4 d5 2. c4 Nc6 3. cxd5 Qxd5 4. Nf3 e6 5. a3 Be7 6. Nc3 Qd8 7. e4 Nf6 8. Bb5 Bd7 9. 0-0 a6 10. Bxc6 Bxc6 11. Re1 0-0 12. Bg5 h6 13. Bxf6 Bxf6 14. e5 Be7 15. Ne4 Bd5 16. h3 f5 17. exf6 Bxf6 18. Nxf6+ Qxf6 19. Re3 Rad8 20. Rc1 c6 21. b4 Bxf3 22. Rxf3 Qxd4 23. Rxf8+ Kxf8 24. Qf3+ Qf6 25. Qb3 Rd2 26. Rf1 Kf7 27. Qg3 Qd8 28. Qf4+ Kg8 29. Qe3 Qd7 30. Qb3 Rd3 31. Qa2 Qd5 32. Qb2 e5 33. Re1 e4 34. Qc1 Rd2 35. Qb1 e3 36. f3 Qg5 37. g4 Qd5 38. Qe4 Qxe4 39. fxe4 Rd3 40. Ra1 e2 41. Re1 Re3 42. Kf2 Rxe4 43. Rxe2 Rxe2+ 44. Kxe2 Kf7 45. Kf3 Ke6 46. Ke4 g6 47. h4 Kd6 48. h5 gxh5 49. gxh5 Ke6 50. Kf4 b6 51. Ke4 c5 52. bxc5 bxc5 53. a4 a5 54. Ke3 Kd5 55. Kd3 c4+ 56. Kd2 Kd4 57. Kd1 Kd3 58. Kc1 Kc3 59. Kb1 Kb3 60. Kc1 c3 61. Kb1 Kxa4 62. Kc2 Kb4 63. Kb1 Kb3 64. Ka1 Kc2 65. Ka2 Kd2 66. Ka3 c2 67. Kb3 c1Q 0-1

[Event "Torino op 10"]
[Site "Torino"]
[Date "2004.10.??"]
[Round "2"]
[White "Diana, Riccardo"]
[Black "Fuggetta, Leonardo"]
[Result "1/2-1/2"]
[WhiteElo "2119"]
[BlackElo "2053"]
[PlyCount "40"]
[EventDate "2004.10.??"]
[EventType "swiss"]
[EventRounds "7"]
[EventCountry "ITA"]
[SourceTitle "EXT 2024"]
[Source "ChessBase"]
[SourceDate "2023.10.10"]
[SourceVersion "1"]
[SourceVersionDate "2023.10.10"]
[SourceQuality "1"]

1. e4 d6 2. d4 Nf6 3. Nd2 e5 4. Ngf3 Nbd7 5. Bc4 Be7 6. c3 c6 7. 0-0 Qc7 8. dxe5 Nxe5 9. Nxe5 dxe5 10. h3 0-0 11. Qe2 Nd7 12. Nf3 b5 13. Bb3 Nc5 14. Bc2 Be6 15. b3 a5 16. Ng5 Bxg5 17. Bxg5 f6 18. Be3 Qe7 19. f3 Rfd8 20. Rfd1 Nb7 1/2-1/2

[Event "Torino op 10"]
[Site "Torino"]
[Date "2004.10.??"]
[Round "4"]
[White "Faraoni, Enrico"]
[Black "Fuggetta, Leonardo"]
[Result "1-0"]
[WhiteElo "2162"]
[BlackElo "2053"]
[PlyCount "71"]
[EventDate "2004.10.??"]
[EventType "swiss"]
[EventRounds "7"]
[EventCountry "ITA"]
[SourceTitle "EXT 2024"]
[Source "ChessBase"]
[SourceDate "2023.10.10"]
[SourceVersion "1"]
[SourceVersionDate "2023.10.10"]
[SourceQuality "1"]

1. e4 d6 2. d4 Nf6 3. Nc3 Nbd7 4. f4 e5 5. Nf3 exd4 6. Qxd4 c6 7. Bc4 d5 8. exd5 Bc5 9. Qd3 0-0 10. dxc6 bxc6 11. Bd2 Re8+ 12. Ne2 Nd5 13. 0-0-0 N7f6 14. Ne5 Qb6 15. Nc3 Bb4 16. Rhe1 Be6 17. f5 Bxc3 18. Bxc3 Nf4 19. Qf3 Bxc4 20. Nxc4 Qc7 21. Be5 Rxe5 22. Rxe5 N4d5 23. Rde1 h6 24. g4 Nd7 25. R5e2 Rb8 26. h4 Rb4 27. b3 a5 28. a3 Rb5 29. a4 Rc5 30. Re8+ Kh7 31. g5 N7b6 32. g6+ fxg6 33. fxg6+ Kxg6 34. Rg1+ Kh7 35. Qf5+ g6 36. Qxg6# 1-0

[Event "Torino Scaccomatto op"]
[Site "Torino"]
[Date "2004.??.??"]
[Round "3"]
[White "Fuggetta, Leonardo"]
[Black "Malano, Francesco"]
[Result "0-1"]
[WhiteElo "2053"]
[BlackElo "2060"]
[PlyCount "101"]
[EventDate "2004.12.10"]
[EventType "swiss"]
[EventRounds "7"]
[EventCountry "ITA"]
[SourceTitle "EXT 2018"]
[Source "ChessBase"]
[SourceDate "2017.10.13"]
[SourceVersion "1"]
[SourceVersionDate "2017.10.13"]
[SourceQuality "1"]

1. Nf3 c5 2. c4 Nc6 3. g3 g6 4. Bg2 Bg7 5. Nc3 Nf6 6. 0-0 0-0 7. a3 Rb8 8. Rb1 d5 9. cxd5 Nxd5 10. Nxd5 Qxd5 11. b4 Qa2 12. Bb2 Bxb2 13. Qc2 Qxa3 14. Rxb2 Nxb4 15. Qb1 Bf5 16. d3 Rfc8 17. Ne5 Qc3 18. f4 a5 19. g4 Qd4+ 20. Kh1 Be6 21. Qc1 f6 22. Nf3 Qd8 23. f5 gxf5 24. gxf5 Bf7 25. Rg1 Kh8 26. Nh4 Qd4 27. Be4 Rg8 28. Ng6+ Bxg6 29. fxg6 Rg7 30. Rb1 e6 31. Qf4 Rbg8 32. Qh6 f5 33. Bf3 Qf6 34. Bh5 a4 35. Rg2 a3 36. Qc1 a2 37. Ra1 b6 38. gxh7 Rxh7 39. Rxg8+ Kxg8 40. Bf3 Qe5 41. Qg1+ Kf8 42. Rc1 Qf4 43. Ra1 Qe5 44. Rc1 Rg7 45. Qf1 b5 46. e3 Qd6 47. d4 c4 48. Qe1 Rh7 49. Qd2 e5 50. d5 e4 51. Be2 0-1

[Event "Torino Scaccomatto op"]
[Site "Torino"]
[Date "2004.??.??"]
[Round "1"]
[White "Fuggetta, Leonardo"]
[Black "Pulito, Alberto"]
[Result "0-1"]
[WhiteElo "2053"]
[BlackElo "2136"]
[PlyCount "88"]
[EventDate "2004.12.10"]
[EventType "swiss"]
[EventRounds "7"]
[EventCountry "ITA"]
[SourceTitle "EXT 2018"]
[Source "ChessBase"]
[SourceDate "2017.10.13"]
[SourceVersion "1"]
[SourceVersionDate "2017.10.13"]
[SourceQuality "1"]

1. c4 e6 2. g3 Nf6 3. Bg2 d5 4. Nf3 b6 5. 0-0 Be7 6. b3 Bb7 7. d3 c5 8. e3 Nc6 9. Qe2 0-0 10. Bb2 Qc7 11. Nc3 a6 12. cxd5 Nxd5 13. Nxd5 exd5 14. d4 Rfe8 15. Rac1 Rad8 16. Rfd1 Bf8 17. Qc2 Nb4 18. Qb1 Qd7 19. Ne5 Qe6 20. a3 Nc6 21. Nxc6 Bxc6 22. Qc2 Bb7 23. Re1 h5 24. h4 Rc8 25. Qd2 Rcd8 26. a4 a5 27. Qe2 Qf5 28. Qc2 Qxc2 29. Rxc2 g6 30. Rd1 Bc6 31. Rcd2 c4 32. bxc4 Bxa4 33. Ra1 Bb4 34. Re2 Bc6 35. cxd5 Bxd5 36. Bxd5 Rxd5 37. e4 Rd7 38. Rc1 b5 39. Kf1 a4 40. d5 Bf8 41. f4 b4 42. Rc6 a3 43. Bd4 Rb8 44. Bb6 b3 0-1

[Event "Torino Scaccomatto op"]
[Site "Torino"]
[Date "2004.??.??"]
[Round "5"]
[White "Fuggetta, Leonardo"]
[Black "Xausa, Flavio"]
[Result "0-1"]
[WhiteElo "2053"]
[BlackElo "2146"]
[PlyCount "42"]
[EventDate "2004.12.10"]
[EventType "swiss"]
[EventRounds "7"]
[EventCountry "ITA"]
[SourceTitle "EXT 2018"]
[Source "ChessBase"]
[SourceDate "2017.10.13"]
[SourceVersion "1"]
[SourceVersionDate "2017.10.13"]
[SourceQuality "1"]

1. Nf3 Nf6 2. g3 g6 3. b4 Bg7 4. Bb2 0-0 5. Bg2 d6 6. 0-0 c6 7. d3 a5 8. bxa5 Qxa5 9. c4 Nbd7 10. Nbd2 Qh5 11. Qc2 Nc5 12. a4 Bh3 13. Rfb1 e5 14. a5 Ng4 15. Ne4 Nxe4 16. dxe4 f5 17. Ba3 Bxg2 18. Kxg2 fxe4 19. Qxe4 Rxf3 20. Qxf3 Qxh2+ 21. Kf1 Rf8 0-1

[Event "Torino-ch Assoluto 47th"]
[Site "Torino"]
[Date "2003.01.??"]
[Round "7"]
[White "Fuggetta, Leonardo"]
[Black "Giacometto, Mario"]
[Result "1-0"]
[WhiteElo "2055"]
[BlackElo "1777"]
[PlyCount "67"]
[EventDate "2003.01.20"]
[EventType "swiss"]
[EventRounds "7"]
[EventCountry "ITA"]
[SourceTitle "EXT 2015"]
[Source "ChessBase"]
[SourceDate "2014.11.20"]
[SourceVersion "1"]
[SourceVersionDate "2014.11.20"]
[SourceQuality "1"]

1. Nf3 g6 2. d4 Bg7 3. c4 d6 4. Nc3 Nf6 5. h3 0-0 6. e4 e5 7. d5 a5 8. Bg5 h6 9. Be3 Na6 10. g4 Ne8 11. Nd2 Kh7 12. h4 Rh8 13. g5 h5 14. Bh3 f6 15. Nf1 fxg5 16. hxg5 Bf8 17. Bf5 Kg7 18. Bxg6 Kxg6 19. Ng3 h4 20. Nf5 h3 21. f4 Qd7 22. Qg4 Qh7 23. 0-0-0 Qh5 24. Qg3 Nc5 25. Nh6 Bxh6 26. f5+ Kh7 27. Rxh3 Nxe4 28. Nxe4 Qe2 29. Rxh6+ Kg7 30. Rxh8 Qxc4+ 31. Nc3 Kxh8 32. Qh3+ Kg8 33. Rh1 Ng7 34. Qh8+ 1-0

[Event "Arco op 24th"]
[Site "Arco"]
[Date "2002.10.24"]
[Round "7"]
[White "Fuggetta, Leonardo"]
[Black "Antoniacci, Ricardo"]
[Result "0-1"]
[WhiteElo "2055"]
[BlackElo "2052"]
[PlyCount "78"]
[EventDate "2002.10.18"]
[EventType "swiss"]
[EventRounds "9"]
[EventCountry "ITA"]
[SourceTitle "EXT 2004"]
[Source "ChessBase"]
[SourceDate "2003.11.25"]
[SourceVersion "1"]
[SourceVersionDate "2003.11.25"]
[SourceQuality "1"]

1. Nf3 c5 2. g3 d5 3. Bg2 Nc6 4. d3 e5 5. 0-0 Be7 6. c3 Be6 7. Qc2 Rc8 8. e4 d4 9. a4 b6 10. Na3 h5 11. h4 f6 12. Nc4 Nh6 13. Nh2 g5 14. f4 gxf4 15. gxf4 Ng4 16. Nf3 Qc7 17. fxe5 Ncxe5 18. Ncxe5 Nxe5 19. cxd4 cxd4 20. Qxc7 Nxf3+ 21. Rxf3 Rxc7 22. Rf2 Bb3 23. Bf4 Rc5 24. Bd2 Rc2 25. Bf4 Rg8 26. a5 Rg4 27. axb6 axb6 28. Rxc2 Bxc2 29. Bc7 Bxd3 30. Kf2 Bxe4 31. Bxe4 Rxe4 32. Bxb6 f5 33. Rd1 Bxh4+ 34. Kf3 Bf6 35. b4 Be5 36. b5 h4 37. Rh1 Re3+ 38. Kf2 h3 39. Ba7 Bg3+ 0-1

[Event "Arco op 24th"]
[Site "Arco"]
[Date "2002.10.20"]
[Round "3"]
[White "Fuggetta, Leonardo"]
[Black "Ager, Josef"]
[Result "1/2-1/2"]
[WhiteElo "2055"]
[BlackElo "2223"]
[PlyCount "53"]
[EventDate "2002.10.18"]
[EventType "swiss"]
[EventRounds "9"]
[EventCountry "ITA"]
[SourceTitle "EXT 2004"]
[Source "ChessBase"]
[SourceDate "2003.11.25"]
[SourceVersion "1"]
[SourceVersionDate "2003.11.25"]
[SourceQuality "1"]

1. c4 g6 2. Nc3 Bg7 3. g3 d6 4. Bg2 c5 5. d3 Nc6 6. a3 e6 7. Rb1 Nge7 8. Nf3 b6 9. 0-0 Bb7 10. Bd2 0-0 11. b4 Qd7 12. b5 Ne5 13. Nxe5 dxe5 14. Qc2 Bxg2 15. Kxg2 Nf5 16. Be3 Nxe3+ 17. fxe3 f5 18. e4 Bh6 19. Rf3 Qe7 20. Rbf1 Rad8 21. a4 f4 22. Nd1 Bg7 23. g4 Bf6 24. Qc3 Qc7 25. Nf2 Kg7 26. Nh3 h6 27. Kh1 1/2-1/2

[Event "Bratto op 22nd"]
[Site "Bratto"]
[Date "2002.08.23"]
[Round "4"]
[White "Cazzaniga, Walter"]
[Black "Fuggetta, Leonardo"]
[Result "1-0"]
[WhiteElo "2121"]
[BlackElo "2051"]
[PlyCount "63"]
[EventDate "2002.08.20"]
[EventType "swiss"]
[EventRounds "9"]
[EventCountry "ITA"]
[SourceTitle "EXT 2003"]
[Source "ChessBase"]
[SourceDate "2002.11.25"]
[SourceVersion "1"]
[SourceVersionDate "2002.11.25"]
[SourceQuality "1"]

1. d4 d6 2. c4 Nf6 3. Nc3 e5 4. Nf3 Nbd7 5. g3 g6 6. Bg2 Bg7 7. 0-0 0-0 8. e4 Re8 9. h3 c6 10. Be3 Qe7 11. Re1 Nh5 12. Qc2 exd4 13. Nxd4 Nc5 14. Rad1 Ne6 15. Nde2 Nc7 16. g4 Nf6 17. Bf4 Rd8 18. Qd2 Be6 19. b3 Nfe8 20. Nd4 f6 21. Nf5 gxf5 22. exf5 Qd7 23. fxe6 Nxe6 24. Bg3 Kh8 25. f4 a5 26. f5 Ng5 27. Re2 Nf7 28. Ne4 Ne5 29. Rf2 h6 30. Bxe5 fxe5 31. f6 Bf8 32. g5 1-0

[Event "Bratto op 22nd"]
[Site "Bratto"]
[Date "2002.08.20"]
[Round "1"]
[White "Fuggetta, Leonardo"]
[Black "Salami, Marco"]
[Result "1/2-1/2"]
[WhiteElo "2051"]
[BlackElo "2206"]
[PlyCount "37"]
[EventDate "2002.08.20"]
[EventType "swiss"]
[EventRounds "9"]
[EventCountry "ITA"]
[SourceTitle "EXT 2003"]
[Source "ChessBase"]
[SourceDate "2002.11.25"]
[SourceVersion "1"]
[SourceVersionDate "2002.11.25"]
[SourceQuality "1"]

1. c4 f5 2. g3 Nf6 3. Bg2 g6 4. Nc3 Bg7 5. d3 e5 6. e4 d6 7. Nge2 Nc6 8. Nd5 h6 9. b4 0-0 10. b5 Ne7 11. Nxf6+ Rxf6 12. Bb2 Qf8 13. exf5 gxf5 14. f4 Rf7 15. 0-0 Kh7 16. a4 Ng6 17. Qc2 Rb8 18. a5 Bd7 19. Rab1 1/2-1/2

[Event "Torino Epifania op"]
[Site "Torino"]
[Date "2002.01.??"]
[Round "1"]
[White "Fuggetta, Leonardo"]
[Black "Rabaglino, Lorenzo"]
[Result "1-0"]
[WhiteElo "2050"]
[BlackElo "1591"]
[PlyCount "107"]
[EventDate "2002.01.??"]
[EventType "swiss"]
[EventRounds "6"]
[EventCountry "ITA"]
[SourceTitle "EXT 2024"]
[Source "ChessBase"]
[SourceDate "2023.10.10"]
[SourceVersion "1"]
[SourceVersionDate "2023.10.10"]
[SourceQuality "1"]

1. c4 c5 2. g3 g6 3. Bg2 Bg7 4. Nf3 Nf6 5. 0-0 0-0 6. d4 cxd4 7. Nxd4 Nc6 8. e4 a6 9. Be3 Qc7 10. Nc3 d6 11. Rc1 Qd7 12. h3 Qe8 13. Qd2 Nxd4 14. Bxd4 Qd7 15. Rfd1 Rb8 16. Ba7 Ra8 17. Bb6 Qc6 18. Bd4 Qxc4 19. Nd5 Qxa2 20. Ra1 Qb3 21. Ra3 Qb5 22. Nc7 Qc6 23. Nxa8 Nxe4 24. Bxg7 Nxd2 25. Bxc6 Kxg7 26. Rxd2 bxc6 27. Nc7 Bxh3 28. Rxa6 c5 29. Ra8 Rxa8 30. Nxa8 Kf6 31. Nb6 Be6 32. f3 Ke5 33. Kf2 d5 34. Na4 c4 35. Ke3 Bd7 36. Nb6 Bc6 37. f4+ Ke6 38. Kd4 Kd6 39. Re2 e6 40. Nc8+ Kd7 41. Kc5 Kxc8 42. Kxc6 Kd8 43. Kd6 Ke8 44. Rh2 h5 45. g4 Kf8 46. gxh5 gxh5 47. Rxh5 Kg7 48. Ke5 Kf8 49. Kf6 Ke8 50. Rh7 d4 51. Rxf7 d3 52. Kxe6 Kd8 53. Rd7+ Ke8 54. f5 1-0